000 00259nam a2200097Ia 4500
001 796502
005 20250826170749.0
008 250824s9999 xx 000 0 und d
245 0 _aOSMANLIDA HUKUK SANSKANDALLARI
_cYAŞAR ŞAHİN ANIL
260 _bPANAMA YAYINLARI
999 _c796502
_d796502